=LDR 00000nam 2200000 4500 =001 INLIS000000000019951 =005 20130612114946 =008 ***********************************Ind** =035 ##$$0010-061300000019951 =041 ##$$a Ind =082 ##$$a 633.84 =090 ##$$a 633.84, Win c =100 ##$$a Winarto, W.P =245 ##$$a Cabe jawa si pedas berkhasiat obat, W.P Winarto =260 ##$$a 2003 $b Jakarta =300 ##$$a vi, 41 hlm, ilus, 23 cm =650 ##$$a Cabe =850 ##$$a NBPNMAT =990 ##$$a 2090100389/BPAP-NTB/2015